000 00683nam a2200241Ia 4500
003 OSt
005 20220924131852.0
006 a|||||r|||| 00| 0
007 ta
008 220923b |||||||| |||| 00| 0 tel d
024 _a339873
037 _cTextual
040 _aARTS
_cARTS
_btel
041 _2tel
_atel
082 _a035,3NBH2,5, M5
100 _aKrishanmurthy Bhavani Au.
_9203136
245 0 _aShrimathi Ko Premalekha
260 _aVijayawada
_bNageshwari Publications India
_c1985
300 _a208p.
_ccm.
650 _aTELUGU LITERATURE
942 _h035,3NBH2,5, M5
_cTEXL
_2CC
999 _c428492
_d428492